000
00302nam a2200121Ia 4500
005
20251222143222.0
008
251222s9999||||xx |||||||||||||| ||spa||
082
_a
340.098.5/V32
100
_a
Vargas, Javier
245
0
_a
Historia del Derecho Peruano:
264
_b
Universidad de Lima
942
_c
LIB
999
_c
13838
_d
13838